[Event "Bratislava Doprastav op"]
[Site "Bratislava"]
[Date "2005.06.27"]
[Round "4"]
[White "Halas, Miroslav"]
[Black "Gonda, Jan"]
[Result "1-0"]
[WhiteElo "1887"]
[BlackElo "1668"]
[PlyCount "47"]
[EventDate "2005.06.25"]
[EventType "swiss"]
[EventRounds "9"]
[EventCountry "SVK"]
[SourceTitle "EXT 2006"]
[Source "ChessBase"]
[SourceDate "2005.11.24"]
[SourceVersion "1"]
[SourceVersionDate "2005.11.24"]
[SourceQuality "1"]

1. e4 c5 2. Bc4 d6 3. Nf3 Nf6 4. Nc3 a6 5. a3 b5 6. Ba2 b4 7. axb4 cxb4 8. Nd5 Nxe4 9. Nxb4 Qb6 10. Nd3 Bg4 11. Bd5 Nc6 12. Bxe4 f5 13. Bxc6+ Qxc6 14. h3 Bh5 15. Nf4 Bf7 16. 0-0 e5 17. Re1 Be7 18. Nxe5 dxe5 19. Rxe5 Qd7 20. Qe2 Kf8 21. b3 g5 22. Rxe7 Qd4 23. Ne6+ Bxe6 24. Qxe6 1-0

[Event "Bratislava Doprastav op"]
[Site "Bratislava"]
[Date "2005.06.26"]
[Round "2"]
[White "Halas, Miroslav"]
[Black "Jambrich, Jaromir"]
[Result "1-0"]
[WhiteElo "1887"]
[BlackElo "1696"]
[PlyCount "47"]
[EventDate "2005.06.25"]
[EventType "swiss"]
[EventRounds "9"]
[EventCountry "SVK"]
[SourceTitle "EXT 2006"]
[Source "ChessBase"]
[SourceDate "2005.11.24"]
[SourceVersion "1"]
[SourceVersionDate "2005.11.24"]
[SourceQuality "1"]

1. Nf3 Nf6 2. c4 e6 3. Nc3 d5 4. e3 c6 5. d4 Nbd7 6. Qc2 g6 7. b3 Bg7 8. Ba3 Qa5 9. Bd6 Ne4 10. b4 Qd8 11. Bf4 Nxc3 12. Qxc3 dxc4 13. Bxc4 Nf6 14. Qc2 0-0 15. e4 b5 16. Bb3 Bb7 17. 0-0 a6 18. Rfe1 c5 19. dxc5 Bxe4 20. Rxe4 Nxe4 21. Rd1 Qc8 22. Qxe4 Rd8 23. Rd6 Bf8 24. Rxe6 1-0